A pénzintézetek csődönkivüli [!csődön kívüli] kényszeregyessége tárgyában kelt 3280/1929. M. E. sz. r...

Elmentve itt :
Bibliográfiai részletek
Dokumentumtípus: Cikk
Megjelent: 1929
Sorozat:Polgári jog : a hazai és külföldi magánjog és hiteljog szemléje 5
Kulcsszavak:Eljárásjog kényszeregyesség jogi szabályozás
Online Access:http://misc.bibl.u-szeged.hu/5150
LEADER 00661nab a2200157 i 4500
001 misc5150
005 20191106142743.0
008 170607s1929 hu o 0|| hun d
040 |a SZTE Miscellanea Repozitórium  |b hun 
041 |a hun 
245 0 2 |a A pénzintézetek csődönkivüli [!csődön kívüli] kényszeregyessége tárgyában kelt 3280/1929. M. E. sz. r...  |h [elektronikus dokumentum] 
260 |c 1929 
300 |a 401a 
490 0 |a Polgári jog : a hazai és külföldi magánjog és hiteljog szemléje  |v 5 
695 |a Eljárásjog kényszeregyesség jogi szabályozás 
856 4 0 |u http://misc.bibl.u-szeged.hu/5150/1/polgari_jog_1929_401a.pdf  |z Dokumentum-elérés